| 000 | 00939nam a2200241 i 4500 | ||
|---|---|---|---|
| 001 | 182682 | ||
| 003 | ES-MaACL | ||
| 005 | 20250902225552.0 | ||
| 008 | 131009s2010 sp | |||||||| | spa d | ||
| 020 | _a978-84-92705-10-8 | ||
| 080 | _a821.134.2(728.5)-14"19" | ||
| 100 | 1 |
_aPasos, Joaquín, _d1914-1947 _9153608 |
|
| 245 | 1 | 0 |
_aPoesía completa / _cJoaquín Pasos ; prólogo de Óscar Hahn. |
| 260 |
_aSevilla : _bSibilina : _bFundación BBVA, _cimp. 2010. |
||
| 300 |
_a180 p. ; _c21 cm. |
||
| 490 | 1 |
_aBiblioteca Sibila-Fundación BBVA de poesía en español ; _v21. _aCompletas |
|
| 700 | 1 |
_aHahn, Óscar. _961476 |
|
| 830 | 0 |
_aBiblioteca Sibila-Fundación BBVA de poesía en español ; _v21. _aCompletas _9191811 |
|
| 852 |
_aES-MaACL _jA-12828 _9189599 _bR.149042 _cDEPO1 _dOlim: N-5828 _xDonación: Fundación BBVA |
||
| 914 |
_aFundación BBVA _ednr _94230 |
||
| 942 |
_2udc _cMONOGRAFIA |
||
| 999 |
_c182682 _d182682 |
||